<?xml version="1.0" encoding="UTF-8"?>
<marc:record xmlns:marc="http://www.loc.gov/MARC21/slim">
   <marc:leader>00000nam a2200000 a 4500</marc:leader>
   <marc:datafield ind1=" " ind2=" " tag="653">
      <marc:subfield code="a">Zeichentrickfilm</marc:subfield>
   </marc:datafield>
   <marc:datafield ind1="0" ind2="0" tag="245">
      <marc:subfield code="a">Kuddelmuddel bei Pettersson &amp; Findus</marc:subfield>
   </marc:datafield>
   <marc:datafield ind1="0" ind2="0" tag="245">
      <marc:subfield code="b">; Pettersson &amp; Findus</marc:subfield>
   </marc:datafield>
   <marc:datafield ind1=" " ind2="1" tag="264">
      <marc:subfield code="b">Edel Germany GmbH</marc:subfield>
      <marc:subfield code="c">2010</marc:subfield>
   </marc:datafield>
   <marc:datafield ind1="1" ind2=" " tag="520">
      <marc:subfield code="a">414 Große dürfen immer machen, worauf sie gerade Lust haben, denkt Kater Findus und wünscht sich, zu wachsen. Sein Wunsch wird ihm gewährt, doch Pettersson wird dafür klein, und der Kater muss schnell erkennen, dass groß sein auch Nachteile hat. Und Findus hat plötzlich noch ganz andere Sorgen: Pettersson hat sein Gedächtnis verloren! Nun will er statt seinem Kaffee lieber Tee trinken, und sogar den kleinen Kater hat er vergessen! Mit Geschichten von ihren gemeinsamen Abenteuern versucht Findus, die Erinnerung seines Freundes wieder zurückzuholen.</marc:subfield>
   </marc:datafield>
   <marc:datafield ind1="3" ind2=" " tag="024">
      <marc:subfield code="a">4029759035787</marc:subfield>
   </marc:datafield>
</marc:record>
